000 00330 a2200133 4500
005 20250626170404.0
020 _a9966-21-079-2
082 _a658 SO
100 _aSOUZA, A .
245 _aLeadership,
260 _aKenya,
_bPaulines Publications Africa,
_c1994.
300 _a528p.; picture.;
_bBibliography
_c22cm.
942 _2ddc
_cBKS
999 _c5459
_d5459